000 00347nam a2200145Ia 4500
008 230711s9999||||xx |||||||||||||| ||und||
041 _aENG
082 _a624
_bWE-U
100 _aWeaving,Andrew
245 0 _aUnderstanding modern
250 _a1st . Ed.
260 _c2001
_aLondon
_bQuadrille Publications
650 _aArchitecture
942 _cBK
999 _c4352
_d4352